LILI DAN LASARUS MENCARI YANG HALAL / (Record no. 203803)
[ view plain ]
| 000 -LEADER | |
|---|---|
| fixed length control field | 01095nam a2200289 i 4500 |
| 005 - DATE AND TIME OF LATEST TRANSACTION | |
| control field | 20260412134109.0 |
| 008 - FIXED-LENGTH DATA ELEMENTS--GENERAL INFORMATION | |
| fixed length control field | 260412s2025 my a br 000 0 may d |
| 020 ## - INTERNATIONAL STANDARD BOOK NUMBER | |
| International Standard Book Number | 9786299554608 |
| Terms of availability | RM33.00 |
| Qualifying information | paperback |
| 040 ## - CATALOGING SOURCE | |
| Original cataloging agency | PPAK |
| Language of cataloging | eng |
| Transcribing agency | PPAK |
| Description conventions | rda |
| 082 04 - DEWEY DECIMAL CLASSIFICATION NUMBER | |
| Edition number | 23 |
| Classification number | 297.576 |
| 090 00 - LOCALLY ASSIGNED LC-TYPE CALL NUMBER (OCLC); LOCAL CALL NUMBER (RLIN) | |
| Classification number (OCLC) (R) ; Classification number, CALL (RLIN) (NR) | 297.576 |
| Feature heading | YUM |
| Feature heading | K |
| 100 0# - MAIN ENTRY--PERSONAL NAME | |
| Personal name | Yumi Zuhanis Has-Yun Hashim, |
| Dates associated with a name | 1977-, |
| Relator term | author. |
| 245 10 - TITLE STATEMENT | |
| Title | LILI DAN LASARUS MENCARI YANG HALAL / |
| Statement of responsibility, etc. | Yumi Zuhanis Has-Yun Hashim, Noriah Ramli dan Khadijah Othman |
| 264 #1 - PRODUCTION, PUBLICATION, DISTRIBUTION, MANUFACTURE, AND COPYRIGHT NOTICE | |
| Place of production, publication, distribution, manufacture | Bandar Puncak Alam, Selangor : |
| Name of producer, publisher, distributor, manufacturer | YZ Lestari Niaga, |
| Date of production, publication, distribution, manufacture, or copyright notice | [2025?] |
| 300 ## - PHYSICAL DESCRIPTION | |
| Extent | 48 pages : |
| Other physical details | colour illustrations ; |
| Dimensions | 30 cm |
| 336 ## - CONTENT TYPE | |
| Content type term | text |
| Source | rdacontent |
| 337 ## - MEDIA TYPE | |
| Media type term | unmediated |
| Source | rdamedia |
| 338 ## - CARRIER TYPE | |
| Carrier type term | volume |
| Source | rdacarrier |
| 650 10 - SUBJECT ADDED ENTRY--TOPICAL TERM | |
| Topical term or geographic name entry element | Halal food |
| Form subdivision | Juvenile literature |
| Topical term or geographic name entry element | Muslims |
| General subdivision | Dietry laws |
| Form subdivision | Juvenile literature |
| Topical term or geographic name entry element | Food |
| General subdivision | Religious aspects |
| -- | Islam |
| Form subdivision | Juvenile literature |
| Topical term or geographic name entry element | Halal food industry |
| Topical term or geographic name entry element | Islamic cooking |
| 700 0# - ADDED ENTRY--PERSONAL NAME | |
| Personal name | Noriah Ramli, |
| Relator term | author. |
| Personal name | Khadijah Othman, |
| Relator term | author. |
| 942 ## - ADDED ENTRY ELEMENTS (KOHA) | |
| Source of classification or shelving scheme | Dewey Decimal Classification |
| Koha item type | Book |
| Withdrawn | Not for loan | Current library | Shelving location | Date acquired | Total Checkouts | Full call number | Barcode | Date last seen | Koha item type |
|---|---|---|---|---|---|---|---|---|---|
| Perpustakaan Alor Setar | Pinjaman Kanak-kanak | 15/04/2026 | K 297.576 YUM | A01906934 | 15/04/2026 | Book | |||
| Perpustakaan Awam Sungai Petani | Pinjaman Kanak-kanak | 15/04/2026 | K 297.576 YUM | A01906935 | 15/04/2026 | Book | |||
| Perpustakaan Baling | Pinjaman Kanak-kanak | 15/04/2026 | K 297.576 YUM | A01906939 | 15/04/2026 | Book | |||
| Perpustakaan Bandar Baharu | Pinjaman Kanak-kanak | 15/04/2026 | K 297.576 YUM | A01906940 | 15/04/2026 | Book | |||
| Perpustakaan Jitra | Pinjaman Kanak-kanak | 15/04/2026 | K 297.576 YUM | A01906936 | 15/04/2026 | Book | |||
| Perpustakaan Kuala Nerang | Pinjaman Kanak-kanak | 15/04/2026 | K 297.576 YUM | A01906944 | 15/04/2026 | Book | |||
| Perpustakaan Kulim | Pinjaman Kanak-kanak | 15/04/2026 | K 297.576 YUM | A01906938 | 15/04/2026 | Book | |||
| Perpustakaan Langkawi | Pinjaman Kanak-kanak | 15/04/2026 | K 297.576 YUM | A01906937 | 15/04/2026 | Book | |||
| Perpustakaan Merbok | Pinjaman Kanak-kanak | 15/04/2026 | K 297.576 YUM | A01906941 | 15/04/2026 | Book | |||
| Perpustakaan Pendang | Pinjaman Kanak-kanak | 15/04/2026 | K 297.576 YUM | A01906945 | 15/04/2026 | Book | |||
| Perpustakaan Sik | Pinjaman Kanak-kanak | 15/04/2026 | K 297.576 YUM | A01906943 | 15/04/2026 | Book | |||
| Perpustakaan Yan | Pinjaman Kanak-kanak | 15/04/2026 | K 297.576 YUM | A01906942 | 15/04/2026 | Book |